[Event "Gilbert Cup"]
[Site "Cardiff"]
[Date "2017.07.24"]
[Round "1.5"]
[White "Toure, Shanti"]
[Black "Green, Emily"]
[Result "1-0"]
[WhiteElo "1885"]
[BlackElo "1716"]
[PlyCount "67"]
[EventDate "2017.07.24"]
[EventType "team-tourn"]
[EventRounds "5"]
[EventCountry "WLS"]
[SourceTitle "CBM 179 Extra"]
[Source "ChessBase"]
[SourceDate "2017.08.23"]
[SourceVersion "1"]
[SourceVersionDate "2017.08.23"]
[SourceQuality "1"]
[WhiteTeam "France (W)"]
[BlackTeam "England (W)"]
[WhiteTeamCountry "FRA"]
[BlackTeamCountry "ENG"]

1. e4 e5 2. Nf3 Nc6 3. d4 exd4 4. Nxd4 Bc5 5. Nxc6 Qf6 6. Qf3 Qxc6 7. Nc3 Ne7 8. Be3 Bxe3 9. Qxe3 0-0 10. 0-0-0 a6 11. f4 b5 12. Be2 Qe6 13. Kb1 Bb7 14. Qc5 Bc6 15. h4 d6 16. Qd4 Rfb8 17. Rh3 Kh8 18. h5 Qh6 19. Rf1 Bd7 20. g4 Nc6 21. Qe3 Rb7 22. Nd5 a5 23. Rg3 Qe6 24. f5 Qe5 25. h6 g6 26. fxg6 fxg6 27. Rgf3 Ne7 28. Rf7 Ng8 29. Rxd7 Re8 30. Rff7 Re7 31. Rdxe7 Nxe7 32. Rxe7 Qxe7 33. Nxe7 c5 34. Qc3# 1-0

[Event "FRA-ch U14 Girls"]
[Site "Pau"]
[Date "2015.05.03"]
[Round "9"]
[White "Toure, Shanti"]
[Black "Rollot, Florence"]
[Result "1-0"]
[WhiteElo "1684"]
[BlackElo "1767"]
[PlyCount "161"]
[EventDate "2015.04.26"]
[EventType "swiss"]
[EventRounds "9"]
[EventCountry "FRA"]
[SourceTitle "CBM 166 Extra"]
[Source "ChessBase"]
[SourceDate "2015.06.18"]
[SourceVersion "1"]
[SourceVersionDate "2015.06.18"]
[SourceQuality "1"]

1. e4 e6 2. d4 d5 3. Nc3 Bb4 4. Nge2 dxe4 5. a3 Bxc3+ 6. Nxc3 Ne7 7. Nxe4 Nbc6 8. c3 e5 9. dxe5 Qxd1+ 10. Kxd1 Nxe5 11. Be2 Bf5 12. Ng3 0-0-0+ 13. Ke1 Bc2 14. Be3 a6 15. f3 Rhe8 16. Kf2 Nd3+ 17. Bxd3 Rxd3 18. Rhe1 Nd5 19. Bg5 Rh8 20. Re2 Bb3 21. Rae1 f6 22. Bc1 Rd8 23. Ne4 Bd1 24. Rd2 Rxd2+ 25. Bxd2 Bc2 26. Nc5 Nb6 27. Bc1 Nc4 28. Ne6 Rd7 29. Nd4 Bg6 30. f4 Nd6 31. Re3 Ne4+ 32. Kf3 f5 33. g4 fxg4+ 34. Kxg4 Nf6+ 35. Kg3 c5 36. Nf3 Ne4+ 37. Kg2 Nd6 38. Ne5 Be4+ 39. Kf2 Rd8 40. Rg3 Nf5 41. Rg1 h6 42. Be3 b6 43. Nc4 Kc7 44. Ne5 Rd5 45. Ke2 g5 46. c4 Rd6 47. fxg5 hxg5 48. Rxg5 Re6 49. Bf4 Bb1 50. Kf2 Kb7 51. Rg4 Rf6 52. Kg1 Nd4 53. Rg7+ Kc8 54. Rg8+ Kc7 55. Bg3 Ne2+ 56. Kg2 Be4+ 57. Kh3 Kb7 58. Kg4 Nd4 59. Kg5 Rf5+ 60. Kg4 Rf6 61. h4 Ne2 62. h5 Rh6 63. Rg7+ Kc8 64. Nf7 Rf6 65. Nd6+ Kd8 66. Nxe4 Re6 67. Kf5 Nd4+ 68. Kf4 Ne2+ 69. Ke3 Nd4 70. Rg6 Re7 71. Kd3 Nf5 72. h6 Rd7+ 73. Bd6 Kc8 74. Rf6 Nd4 75. Rg6 Nf5 76. Rg8+ Kb7 77. Rg6 Kc8 78. Kc3 Rh7 79. Bf8 Kc7 80. Nf6 Rh8 81. Rg8 1-0

[Event "Wch U12 Girls"]
[Site "Al Ain"]
[Date "2013.12.28"]
[Round "11"]
[White "Toure, Shanti"]
[Black "Sinha, Sonal"]
[Result "1/2-1/2"]
[WhiteElo "1580"]
[BlackElo "1554"]
[PlyCount "103"]
[EventDate "2013.12.18"]
[EventType "swiss"]
[EventRounds "11"]
[EventCountry "UAE"]
[SourceTitle "CBM 158 Extra"]
[Source "ChessBase"]
[SourceDate "2014.02.28"]
[SourceVersion "1"]
[SourceVersionDate "2014.02.28"]
[SourceQuality "1"]

1. e4 e6 2. d4 d5 3. Nc3 dxe4 4. Nxe4 Nd7 5. Bd3 Ngf6 6. Qe2 c5 7. Nxf6+ Nxf6 8. dxc5 Bxc5 9. Nf3 0-0 10. 0-0 Bd7 11. Bg5 Bc6 12. Rad1 Qe7 13. Ne5 Rac8 14. Nxc6 Rxc6 15. Bb5 Rd6 16. Qe5 Rxd1 17. Rxd1 Rc8 18. Qg3 Rd8 19. Rxd8+ Qxd8 20. Bxf6 Qxf6 21. Qb8+ Bf8 22. Qxa7 Qxb2 23. Bf1 Qxc2 24. Qxb7 Qxa2 25. Qb8 Qd5 26. Qc7 Qf5 27. Qc4 Qh5 28. Qe4 Qg5 29. Qd4 Qe7 30. Bd3 g6 31. Qc4 Qd7 32. Qe4 h6 33. h4 Qd5 34. Kf1 Qh5 35. Be2 Qc5 36. Kg1 Qc1+ 37. Bf1 Be7 38. g3 Qd2 39. Qa8+ Kg7 40. Qa7 Bf6 41. Qb7 Bd4 42. Qf3 Qc3 43. Qxc3 Bxc3 44. Kg2 Kf6 45. Kf3 h5 46. Kf4 e5+ 47. Kf3 Ke6 48. Bc4+ Ke7 49. g4 hxg4+ 50. Kxg4 Bd2 51. h5 gxh5+ 52. Kxh5 1/2-1/2

[Event "Wch U12 Girls"]
[Site "Al Ain"]
[Date "2013.12.24"]
[Round "8"]
[White "Grigoryan, Arpine"]
[Black "Toure, Shanti"]
[Result "1-0"]
[WhiteElo "1718"]
[BlackElo "1580"]
[PlyCount "77"]
[EventDate "2013.12.18"]
[EventType "swiss"]
[EventRounds "11"]
[EventCountry "UAE"]
[SourceTitle "CBM 158 Extra"]
[Source "ChessBase"]
[SourceDate "2014.02.28"]
[SourceVersion "1"]
[SourceVersionDate "2014.02.28"]
[SourceQuality "1"]

1. e4 c5 2. Nf3 d6 3. d4 cxd4 4. Nxd4 Nf6 5. f3 g6 6. c4 Bg7 7. Be3 Nc6 8. Qd2 0-0 9. Nc3 Nxd4 10. Bxd4 Be6 11. Be2 b6 12. 0-0 Rc8 13. b3 Qd7 14. Rac1 Rfd8 15. Rfd1 Qb7 16. a4 Rd7 17. Qe3 Bxc4 18. Bxc4 e5 19. Qe2 exd4 20. Ba6 Qb8 21. Bxc8 Qxc8 22. Nd5 Qd8 23. Rxd4 Nxd5 24. Rxd5 Be5 25. g3 Rc7 26. Rcd1 Qc8 27. f4 Rc2 28. R1d2 Rc1+ 29. Kg2 Bf6 30. Rxd6 Be7 31. Rd7 Bf8 32. Qd3 Qc5 33. Qd4 Qc6 34. Qd5 Qf6 35. e5 Qf5 36. Qd3 Qxd3 37. R2xd3 a6 38. Ra7 a5 39. Rdd7 1-0

[Event "Wch U12 Girls"]
[Site "Al Ain"]
[Date "2013.12.21"]
[Round "5"]
[White "Schneider, Jana"]
[Black "Toure, Shanti"]
[Result "1-0"]
[WhiteElo "1784"]
[BlackElo "1580"]
[PlyCount "59"]
[EventDate "2013.12.18"]
[EventType "swiss"]
[EventRounds "11"]
[EventCountry "UAE"]
[SourceTitle "CBM 158 Extra"]
[Source "ChessBase"]
[SourceDate "2014.02.28"]
[SourceVersion "1"]
[SourceVersionDate "2014.02.28"]
[SourceQuality "1"]

1. e4 c5 2. d3 Nc6 3. f4 d6 4. Nf3 g6 5. Be2 Bg7 6. 0-0 Qb6 7. c3 Nf6 8. Na3 0-0 9. Qe1 Bg4 10. Qh4 Qa6 11. Nc4 Bxf3 12. Rxf3 d5 13. exd5 Nxd5 14. f5 Na5 15. Rh3 Nf6 16. Bg5 h5 17. Nxa5 Qxa5 18. g4 Qa4 19. d4 Qc2 20. Re1 Rfc8 21. fxg6 c4 22. Bxf6 Bxf6 23. gxf7+ Kxf7 24. g5 Bg7 25. Bxh5+ Kg8 26. Bg4 Rc6 27. Bf3 Rd6 28. Be4 Qd2 29. Rf1 Bxd4+ 30. Kh1 1-0

[Event "Wch U12 Girls"]
[Site "Al Ain"]
[Date "2013.12.21"]
[Round "4"]
[White "Toure, Shanti"]
[Black "Sanati, Charlotte"]
[Result "0-1"]
[WhiteElo "1580"]
[BlackElo "1759"]
[PlyCount "50"]
[EventDate "2013.12.18"]
[EventType "swiss"]
[EventRounds "11"]
[EventCountry "UAE"]
[SourceTitle "CBM 158 Extra"]
[Source "ChessBase"]
[SourceDate "2014.02.28"]
[SourceVersion "1"]
[SourceVersionDate "2014.02.28"]
[SourceQuality "1"]

1. e4 c5 2. Nf3 d6 3. d4 cxd4 4. Nxd4 Nf6 5. Nc3 a6 6. f3 e5 7. Nb3 Be6 8. Be3 Be7 9. Qd2 Nbd7 10. 0-0-0 b5 11. g4 Nb6 12. g5 Nh5 13. Kb1 Nc4 14. Bxc4 bxc4 15. Nc1 Rb8 16. Nd5 Bxd5 17. Qxd5 Qc8 18. f4 Rb5 19. Qd2 c3 20. Qe2 Nxf4 21. Bxf4 Rxb2+ 22. Ka1 exf4 23. Nb3 Qc6 24. Rb1 Rxa2+ 25. Kxa2 Qa4# 0-1

[Event "EU-ch U12 Girls 23rd"]
[Site "Budva"]
[Date "2013.10.06"]
[Round "7"]
[White "Toure, Shanti"]
[Black "Hrysogelou, Athanasia Panagiota"]
[Result "1-0"]
[WhiteElo "1578"]
[BlackElo "1384"]
[PlyCount "61"]
[EventDate "2013.09.29"]
[EventType "swiss"]
[EventRounds "9"]
[EventCountry "MNE"]
[SourceTitle "EXT 2014"]
[Source "ChessBase"]
[SourceDate "2013.11.20"]
[SourceVersion "1"]
[SourceVersionDate "2013.11.20"]
[SourceQuality "1"]

1. e4 c5 2. Nf3 d6 3. d4 cxd4 4. Nxd4 Nf6 5. Nc3 a6 6. f3 b5 7. a3 Bb7 8. Be3 Nbd7 9. Bd3 e6 10. 0-0 Be7 11. Qe1 0-0 12. Qg3 Ne5 13. f4 Nxd3 14. cxd3 Kh8 15. Rad1 Rc8 16. Qh3 Nd7 17. Rf3 Bf6 18. g4 e5 19. Nf5 exf4 20. Rxf4 Ne5 21. Rf2 Ng6 22. Rdf1 Ne7 23. g5 Bxc3 24. bxc3 Nxf5 25. Rxf5 Qd7 26. g6 h6 27. Bxh6 fxg6 28. Rxf8+ Rxf8 29. Rxf8+ Kh7 30. Qxd7 Kxh6 31. Qxb7 1-0

[Event "EU-ch U12 Girls 23rd"]
[Site "Budva"]
[Date "2013.09.29"]
[Round "1"]
[White "Toure, Shanti"]
[Black "Afonasieva, Anna"]
[Result "0-1"]
[WhiteElo "1578"]
[BlackElo "1866"]
[PlyCount "78"]
[EventDate "2013.09.29"]
[EventType "swiss"]
[EventRounds "9"]
[EventCountry "MNE"]
[SourceTitle "EXT 2014"]
[Source "ChessBase"]
[SourceDate "2013.11.20"]
[SourceVersion "1"]
[SourceVersionDate "2013.11.20"]
[SourceQuality "1"]

1. e4 c6 2. d4 d5 3. e5 c5 4. h3 Nc6 5. c3 cxd4 6. cxd4 e6 7. Nf3 Bb4+ 8. Bd2 Bxd2+ 9. Qxd2 Nge7 10. Bd3 Qb6 11. Qc3 Bd7 12. 0-0 Rc8 13. Qd2 Nxd4 14. Nxd4 Qxd4 15. Re1 Qb6 16. Qg5 Ng6 17. b3 Qd4 18. Bxg6 hxg6 19. Nd2 Rc2 20. Rad1 Rh5 21. Qe3 Qxe3 22. Rxe3 Rxa2 23. g4 Rh8 24. Rc3 Bc6 25. Rd3 Rc2 26. Ne4 Ke7 27. Nd6 Re2 28. f4 Rc2 29. Re1 d4 30. f5 gxf5 31. gxf5 Rg2+ 32. Kf1 Rh4 33. f6+ gxf6 34. Ne4 Rxe4 35. Rxe4 Bxe4 36. exf6+ Kxf6 37. Rxd4 Bc6 38. Rf4+ Kg6 39. Rc4 Rg3 0-1